MARC

LEADER 00000nas a2200000 i 4500
001 ssj0000973672
003 WaSeSS
005 20200512172242.0
006 m d
007 cr n
008 970811c19909999io tr p s 0 b0eng c
010 |a  2018238239 
022 |a 2088-2033  |l 0853-4098  |y 0853-4098 
035 |a (WaSeSS)ssj0000973672 
037 |b Lembaga Penelitian, Institut Teknologi Sepuluh Nopember, Kampus ITS Sukolilo, Surabaya 60111 
040 |a LGG  |b eng  |e pn  |c LGG  |d OCLCO  |d OCLCA  |d OCLCF  |d OCLCO  |d OCLCQ  |d VT2  |d Z5A  |d U3W  |d UOK  |d OCLCA  |d VDB  |d IUL  |d OCL  |d WaSeSS 
041 0 |a ind  |a eng  |b eng  |b ind 
042 |a pcc 
043 |a a-io--- 
050 1 4 |a T27.I5  |b M44 
082 1 4 |a [E] 
210 0 |a Iptek  |b (Surabaya. Online) 
222 0 |a Iptek  |b (Surabaya. Online) 
245 0 0 |a IPTEK  |h [electronic resource] :  |b The Journal for Technology and Science 
246 1 |a Journal for Technology and Science 
260 |a Surabaya :  |b Lembaga Penelitian dan Pengabdian Kepada Masyarakat Institut Teknologi Sepuluh Nopember 
310 |a Three no. a year,  |b 2013- 
321 |a Four time a year, <2000>-2012 
321 |a Semiannual,  |b <1990-1999> 
362 1 |a Print began in 1990 with: Volume 1, nomor 1 (Nopember 1990). 
506 |a License restrictions may limit access. 
546 |a In Indonesian and English; summaries in both languages; <Volume 18, number 2-> in English only. 
550 |a Issued by: Institut Teknologi Sepuluh Nopember, <1990->; by: Lembaga Penelitian, Institut Teknologi Sepuluh Nopember, <2000-> 
588 0 |a Description based on: Volume 18, Nomor 1 (Februari 2007); title from cover pdf (publisher's website, viewed August 26, 2018). 
588 1 |a Latest issue consulted: Vol. 29, no. 1 (April 2018). 
650 0 |a Technology  |z Indonesia  |v Periodicals. 
650 0 |a Engineering  |z Indonesia  |v Periodicals. 
650 7 |a Engineering.  |2 fast  |0 (OCoLC)fst00910312 
650 7 |a Technology.  |2 fast  |0 (OCoLC)fst01145078 
651 7 |a Indonesia.  |2 fast  |0 (OCoLC)fst01209242 
655 0 |a Electronic journals. 
710 2 |a Institut Teknologi 10 Nopember (Surabaya, Indonesia) 
710 2 |a Institut Teknologi 10 Nopember (Surabaya, Indonesia).  |b Lembaga Penelitian. 
776 0 8 |i Print version:  |t Majalah IPTEK  |x 0853-4098  |w (DLC) 00368893  |w (OCoLC)37449064 
856 4 0 |z Full text available from Research Library: 02/01/2012 to present  |u https://search.proquest.com/publication/2029210